000 00374nam a2200145Ia 4500
008 230917s9999||||xx |||||||||||||| ||und||
040 _e246743
_aMAIN
041 _aEnglish
082 _a658.4092 H264L
100 _aHarvard Business School
245 0 _aLeading through a crisis
260 _aBoston
_bHarvard Business Press
_c2009
300 _axi, 256 p.
942 _cBK
999 _c172754
_d172754